| 000 | 00810nam a2200229Ii 4500 | ||
|---|---|---|---|
| 003 | JO-AjNU | ||
| 008 | 230605s9999||||xx |||||||||||||| ||und|| | ||
| 017 | _a2008/12/4115 | ||
| 020 | _a978-9957-33-165-8 | ||
| 040 |
_aJO-AjNU _bara _erda _cJO-AjNU |
||
| 041 | _aara | ||
| 050 | 1 | 4 | _aHD58.9.M35.2009 |
| 100 | 3 |
_aالملكاوي،ابراهيم الخلوف, _eauthor _927687 |
|
| 245 | 0 | 0 | _aادارة الاداء باستخدام بطاقة الاداء المتوازن=BALANCE SCORE CARD (BSC) |
| 250 | _aط1 | ||
| 264 | 3 | 1 | _aعمان:مؤسسة الوراق للنشر والتوزيع،2009 |
| 300 | _a256ص | ||
| 336 |
_atext _btxt _2rdacontent |
||
| 337 |
_aunmediated _bn _2rdamedia |
||
| 338 |
_avolume _bnc _2rdacarrier |
||
| 650 | 4 |
_aادارة الافراد-تقييم الاداء _927688 |
|
| 999 |
_aA10650 _c14218 _d14218 |
||